[Event "Asuncion Preclasificatorio Mayor"]
[Site "Asuncion"]
[Date "2011.07.17"]
[Round "5"]
[White "Laterza, Martin"]
[Black "Riva, Eric"]
[Result "1-0"]
[WhiteElo "1583"]
[BlackElo "1704"]
[PlyCount "71"]
[EventDate "2011.07.02"]
[EventType "swiss"]
[EventRounds "7"]
[EventCountry "PAR"]
[SourceTitle "EXT 2023"]
[Source "ChessBase"]
[SourceDate "2022.10.05"]
[SourceVersion "1"]
[SourceVersionDate "2022.10.05"]
[SourceQuality "1"]

1. e4 d6 2. d4 Nf6 3. f3 g6 4. c4 Bg7 5. Nc3 0-0 6. Be3 b6 7. Qd2 c5 8. d5 a6 9. Bh6 e6 10. h4 exd5 11. cxd5 b5 12. h5 Qe7 13. 0-0-0 Nbd7 14. Bxg7 Kxg7 15. hxg6 fxg6 16. Bd3 Ne5 17. Bc2 Nc4 18. Qe2 Qe5 19. Qd3 Nxb2 20. Kxb2 b4 21. Nge2 Bd7 22. f4 bxc3+ 23. Qxc3 Rab8+ 24. Ka1 Qxc3+ 25. Nxc3 Ng4 26. e5 Rxf4 27. e6 Rc4 28. Rb1 Bb5 29. Nxb5 axb5 30. Bd3 Rd4 31. Rxb5 Re8 32. Rb7+ Kf8 33. Bb5 Re7 34. Rxe7 Kxe7 35. Rxh7+ Kd8 36. e7+ 1-0

[Event "Asuncion Preclasificatorio Mayor"]
[Site "Asuncion"]
[Date "2011.07.03"]
[Round "2"]
[White "Rivarola, Paul"]
[Black "Laterza, Martin"]
[Result "1/2-1/2"]
[WhiteElo "1706"]
[BlackElo "1583"]
[PlyCount "63"]
[EventDate "2011.07.02"]
[EventType "swiss"]
[EventRounds "7"]
[EventCountry "PAR"]
[SourceTitle "EXT 2023"]
[Source "ChessBase"]
[SourceDate "2022.10.05"]
[SourceVersion "1"]
[SourceVersionDate "2022.10.05"]
[SourceQuality "1"]

1. e4 c5 2. Nc3 d6 3. g3 g6 4. Bg2 Bg7 5. f4 e6 6. Nf3 Ne7 7. 0-0 0-0 8. d3 Nbc6 9. h3 h6 10. g4 f5 11. Ne2 Kh7 12. Ng3 b5 13. Re1 d5 14. exf5 exf5 15. g5 Qd6 16. gxh6 Bxh6 17. Ne5 Nxe5 18. fxe5 Qe6 19. Bxh6 Kxh6 20. Ne2 f4 21. Qd2 g5 22. Rf1 Bd7 23. h4 Qxe5 24. hxg5+ Qxg5 25. Rxf4 Bg4 26. Qc1 Bxe2 27. Rxf8 Qxc1+ 28. Rxc1 Rxf8 29. Re1 Bxd3 30. cxd3 Ng6 31. Bxd5 Rd8 32. Bc6 1/2-1/2

[Event "Asuncion La Pergola Jardin op"]
[Site "Asuncion"]
[Date "2011.01.26"]
[Round "7"]
[White "Riva, Eric"]
[Black "Laterza, Martin"]
[Result "1-0"]
[WhiteElo "1690"]
[BlackElo "1547"]
[PlyCount "76"]
[EventDate "2011.01.17"]
[EventType "swiss"]
[EventRounds "7"]
[EventCountry "PAR"]
[SourceTitle "EXT 2012"]
[Source "ChessBase"]
[SourceDate "2011.11.24"]
[SourceVersion "1"]
[SourceVersionDate "2011.11.24"]
[SourceQuality "1"]

1. Nf3 Nf6 2. g3 g6 3. Bg2 Bg7 4. 0-0 0-0 5. c4 d6 6. Nc3 Nc6 7. d3 e5 8. Rb1 a5 9. a3 Nd7 10. b4 axb4 11. axb4 f5 12. Bg5 Qe8 13. Nd5 Qf7 14. b5 e4 15. bxc6 exf3 16. cxb7 Bxb7 17. Bxf3 Nc5 18. Ne7+ Kh8 19. Bxb7 Nxb7 20. Rxb7 h6 21. Rxc7 hxg5 22. Nd5 Qe6 23. Qd2 f4 24. Kg2 fxg3 25. Qxg5 Rxf2+ 26. Rxf2 gxf2 27. Qh4+ Kg8 28. Ne7+ Kf8 29. Qf4+ Ke8 30. Nd5 Be5 31. Qg5 Qh3+ 32. Kxf2 Qxh2+ 33. Kf3 Qh3+ 34. Qg3 Qh1+ 35. Qg2 Qh5+ 36. Qg4 Qh1+ 37. Qg2 Qh5+ 38. Kf2 Qf5+ 1-0

[Event "Asuncion La Pergola Jardin op"]
[Site "Asuncion"]
[Date "2011.01.21"]
[Round "4"]
[White "Laterza, Martin"]
[Black "Recalde, Ariel"]
[Result "1/2-1/2"]
[WhiteElo "1547"]
[BlackElo "2014"]
[PlyCount "45"]
[EventDate "2011.01.17"]
[EventType "swiss"]
[EventRounds "7"]
[EventCountry "PAR"]
[SourceTitle "EXT 2012"]
[Source "ChessBase"]
[SourceDate "2011.11.24"]
[SourceVersion "1"]
[SourceVersionDate "2011.11.24"]
[SourceQuality "1"]

1. e4 e5 2. Nf3 Nc6 3. d4 exd4 4. Nxd4 Nf6 5. Nxc6 bxc6 6. Nc3 Bb4 7. Bd3 d5 8. 0-0 Bxc3 9. bxc3 dxe4 10. Bxe4 Nxe4 11. Qe2 0-0 12. Qxe4 Qd5 13. Qd4 Bf5 14. Bf4 Bxc2 15. Qxd5 cxd5 16. Bxc7 Rfe8 17. Rfe1 f6 18. Ba5 Kf7 19. f3 Re5 20. Bc7 Re7 21. Rxe7+ Kxe7 22. Re1+ Kd7 23. Ba5 1/2-1/2

[Event "Asuncion La Pergola Jardin op"]
[Site "Asuncion"]
[Date "2011.01.20"]
[Round "3"]
[White "Lipiniks, Leonardo"]
[Black "Laterza, Martin"]
[Result "1/2-1/2"]
[WhiteElo "1863"]
[BlackElo "1547"]
[PlyCount "61"]
[EventDate "2011.01.17"]
[EventType "swiss"]
[EventRounds "7"]
[EventCountry "PAR"]
[SourceTitle "EXT 2012"]
[Source "ChessBase"]
[SourceDate "2011.11.24"]
[SourceVersion "1"]
[SourceVersionDate "2011.11.24"]
[SourceQuality "1"]

1. e4 c5 2. Nf3 d6 3. b3 Nd7 4. Bb2 e6 5. c4 Ngf6 6. Nc3 Be7 7. g3 0-0 8. Bg2 a6 9. d4 cxd4 10. Nxd4 Qc7 11. 0-0 Ne5 12. h3 Bd7 13. Kh2 Rab8 14. Rc1 Rfe8 15. Nc2 b5 16. cxb5 Bxb5 17. Nxb5 Rxb5 18. f4 Ng6 19. b4 Rbb8 20. a3 Nd7 21. Qd3 Nc5 22. Qf3 Na4 23. Ba1 Bf8 24. f5 exf5 25. exf5 Ne5 26. Bxe5 dxe5 27. f6 Rb6 28. fxg7 Bxg7 29. Qb3 Nc5 30. Qc4 Ne6 31. Ne3 1/2-1/2

[Event "Asuncion La Pergola Jardin op"]
[Site "Asuncion"]
[Date "2011.01.17"]
[Round "1"]
[White "Rezende, Guilherme Vilela"]
[Black "Laterza, Martin"]
[Result "1/2-1/2"]
[WhiteElo "1975"]
[BlackElo "1547"]
[PlyCount "80"]
[EventDate "2011.01.17"]
[EventType "swiss"]
[EventRounds "7"]
[EventCountry "PAR"]
[SourceTitle "EXT 2012"]
[Source "ChessBase"]
[SourceDate "2011.11.24"]
[SourceVersion "1"]
[SourceVersionDate "2011.11.24"]
[SourceQuality "1"]

1. d4 Nf6 2. c4 g6 3. Nc3 Bg7 4. e4 d6 5. f3 0-0 6. Be3 e5 7. d5 Ne8 8. Bd3 f5 9. Qd2 Nf6 10. 0-0-0 Nbd7 11. Kb1 b6 12. Nge2 Nc5 13. Bc2 Bd7 14. b4 Nb7 15. Nc1 a5 16. b5 f4 17. Bf2 g5 18. h3 Qe7 19. Nd3 Nd8 20. Rdg1 Be8 21. a4 Bg6 22. Be1 Nb7 23. Qe2 Nd8 24. Nd1 Nf7 25. N1f2 Nh5 26. Rh2 Ng3 27. Qd2 h5 28. Nh1 h4 29. Nhf2 Nh5 30. Ng4 Nh6 31. Ngf2 Ng3 32. Nb2 Nf7 33. Bd3 Nh5 34. Qc2 Nf6 35. Bc3 Nd7 36. Rd1 Nc5 37. Rhh1 Nd8 38. Be2 Ndb7 39. Ng4 Nd7 40. Nf2 Nbc5 1/2-1/2

[Event "Asuncion Prieto Memorial op"]
[Site "Asuncion"]
[Date "2011.01.06"]
[Round "1"]
[White "Laterza, Martin"]
[Black "Fretes, Hector"]
[Result "0-1"]
[WhiteElo "1547"]
[BlackElo "1717"]
[PlyCount "28"]
[EventDate "2011.01.06"]
[EventType "swiss"]
[EventRounds "9"]
[EventCountry "PAR"]
[SourceTitle "EXT 2012"]
[Source "ChessBase"]
[SourceDate "2011.11.24"]
[SourceVersion "1"]
[SourceVersionDate "2011.11.24"]
[SourceQuality "1"]

1. e4 Nf6 2. Nc3 d5 3. e5 Nfd7 4. e6 fxe6 5. d4 Nf6 6. Bd3 c5 7. b3 Nc6 8. Bb5 Qc7 9. Nf3 Bd7 10. Bxc6 bxc6 11. Ne5 cxd4 12. Nxd7 Nxd7 13. Qxd4 c5 14. Nb5 Qa5+ 0-1

[Event "Asuncion Roggio Cup-C 3rd"]
[Site "Asuncion"]
[Date "2010.05.24"]
[Round "4"]
[White "Torres, Mauricio Jose"]
[Black "Laterza, Martin"]
[Result "1/2-1/2"]
[WhiteElo "1649"]
[BlackElo "1494"]
[PlyCount "38"]
[EventDate "2010.05.20"]
[EventType "swiss"]
[EventRounds "9"]
[EventCountry "PAR"]
[SourceTitle "CBM 136 Extra"]
[Source "ChessBase"]
[SourceDate "2010.07.02"]
[SourceVersion "2"]
[SourceVersionDate "2010.07.15"]
[SourceQuality "1"]

1. e4 d5 2. e5 Bf5 3. d4 e6 4. Nf3 c5 5. c3 Nc6 6. h3 Qb6 7. Nh4 Bg6 8. Nf3 cxd4 9. cxd4 Bb4+ 10. Nc3 Nge7 11. a3 Bxc3+ 12. bxc3 0-0 13. Bd3 Rac8 14. Rb1 Qc7 15. Bxg6 Nxg6 16. 0-0 a6 17. a4 Na5 18. Bb2 Nc4 19. Ba1 Qc6 1/2-1/2

[Event "Asuncion Roggio Cup-C 3rd"]
[Site "Asuncion"]
[Date "2010.05.20"]
[Round "1"]
[White "Laterza, Martin"]
[Black "Luzuriaga, Norberto Horacio"]
[Result "1/2-1/2"]
[WhiteElo "1494"]
[BlackElo "1885"]
[PlyCount "41"]
[EventDate "2010.05.20"]
[EventType "swiss"]
[EventRounds "9"]
[EventCountry "PAR"]
[SourceTitle "CBM 136 Extra"]
[Source "ChessBase"]
[SourceDate "2010.07.02"]
[SourceVersion "2"]
[SourceVersionDate "2010.07.15"]
[SourceQuality "1"]

1. e4 d6 2. d4 Nf6 3. Nc3 g6 4. f3 Bg7 5. Be3 Nbd7 6. Nge2 e5 7. Qd2 0-0 8. 0-0-0 a6 9. d5 Nb6 10. b3 Ne8 11. g4 c6 12. h4 cxd5 13. Nxd5 Nxd5 14. Qxd5 Qc7 15. Ng3 Be6 16. Qd2 a5 17. Kb1 Rc8 18. Be2 d5 19. exd5 Bxd5 20. c4 Be6 21. Ne4 1/2-1/2

[Event "Asuncion Preclasificatorio Mayor"]
[Site "Asuncion"]
[Date "2010.04.13"]
[Round "1"]
[White "Saldana, Fernando Javier"]
[Black "Laterza, Martin"]
[Result "1-0"]
[WhiteElo "1833"]
[BlackElo "1494"]
[PlyCount "25"]
[EventDate "2010.04.05"]
[EventType "swiss"]
[EventRounds "9"]
[EventCountry "PAR"]
[SourceTitle "EXT 2023"]
[Source "ChessBase"]
[SourceDate "2022.10.05"]
[SourceVersion "1"]
[SourceVersionDate "2022.10.05"]
[SourceQuality "1"]

1. e4 c5 2. Nf3 Nc6 3. d4 cxd4 4. Nxd4 Nf6 5. Nc3 e6 6. Nxc6 bxc6 7. Bd3 Bb4 8. 0-0 0-0 9. e5 Nd5 10. Ne4 Qc7 11. c4 Ne7 12. Qh5 g6 13. Nf6+ 1-0